|
|
|
|
| LEADER |
01783nam a2200457 a 4500 |
| 001 |
EBC459394 |
| 003 |
MiAaPQ |
| 005 |
20200520144314.0 |
| 006 |
m o d | |
| 007 |
cr cn||||||||| |
| 008 |
080414s2008 dcuab sb 001 0 eng |
| 010 |
|
|
|z 2008016697
|
| 020 |
|
|
|z 9780821375242
|
| 020 |
|
|
|z 0821375245
|
| 020 |
|
|
|a 9780821375259 (electronic bk.)
|
| 020 |
|
|
|a 0821375253 (electronic bk.)
|
| 035 |
|
|
|a (MiAaPQ)EBC459394
|
| 035 |
|
|
|a (Au-PeEL)EBL459394
|
| 035 |
|
|
|a (CaPaEBR)ebr10236051
|
| 035 |
|
|
|a (CaONFJC)MIL174467
|
| 035 |
|
|
|a (OCoLC)320323753
|
| 040 |
|
|
|a MiAaPQ
|c MiAaPQ
|d MiAaPQ
|
| 043 |
|
|
|a d------
|
| 050 |
|
4 |
|a HJ9695
|b .A56 2008
|
| 082 |
0 |
4 |
|a 332.1/532
|2 22
|
| 100 |
1 |
|
|a Annez, Patricia Clarke.
|
| 245 |
1 |
0 |
|a Lessons for the urban century
|h [electronic resource] :
|b decentralized infrastructure finance in the World Bank /
|c Patricia Clarke Annez, Gwenaelle Huet, George E. Peterson.
|
| 260 |
|
|
|a Washington, D.C. :
|b World Bank,
|c c2008.
|
| 300 |
|
|
|a xxvi, 92 p. :
|b ill., map.
|
| 490 |
1 |
|
|a Directions in development. Infrastructure
|
| 504 |
|
|
|a Includes bibliographical references (p. 85-87) and index.
|
| 533 |
|
|
|a Electronic reproduction. Ann Arbor, MI : ProQuest, 2015. Available via World Wide Web. Access may be limited to ProQuest affiliated libraries.
|
| 610 |
2 |
0 |
|a World Bank.
|
| 650 |
|
0 |
|a Municipal finance
|z Developing countries.
|
| 650 |
|
0 |
|a Infrastructure (Economics)
|z Developing countries
|x Finance.
|
| 655 |
|
4 |
|a Electronic books.
|
| 700 |
1 |
|
|a Huet, Gwenaelle.
|
| 700 |
1 |
|
|a Peterson, George E.
|
| 710 |
2 |
|
|a ProQuest (Firm)
|
| 830 |
|
0 |
|a Directions in development (Washington, D.C.).
|p Infrastructure.
|
| 856 |
4 |
0 |
|u https://ebookcentral.proquest.com/lib/matrademy/detail.action?docID=459394
|z Click to View
|